El Pago de la obligación tributaria / Amelia-Paz González Méndez ; prólogo José J. Ferreiro Lapatza
ISBN:
84-7196-702-2
Descripción Física:
249 p. ; 24 cm
Colección:
Guías fiscales
Otros Autores:
Ferreiro Lapatza, José Juan
MARC
| LEADER | 00000nam a2200000Ia 4500 | ||
|---|---|---|---|
| 001 | 18193 | ||
| 008 | 160829s1988 xx 000 0 cat d | ||
| 020 | |a 84-7196-702-2 | ||
| 080 | |a M-5-253 | ||
| 100 | |a González Méndez, Amelia |9 41506 | ||
| 245 | |a El Pago de la obligación tributaria / Amelia-Paz González Méndez ; prólogo José J. Ferreiro Lapatza | ||
| 260 | |a Madrid : |b Ministerio de Economía y Hacienda. Instituto de Estudios Fiscales, |c 1988 | ||
| 300 | |a 249 p. ; |c 24 cm | ||
| 490 | |a Guías fiscales | ||
| 590 | |a Bibliografia | ||
| 650 | |a Impostos |x Recaptació |x Espanya |9 23623 | ||
| 650 | 0 | |a Dret fiscal |z Espanya |9 18737 | |
| 700 | 1 | |a Ferreiro Lapatza, José Juan |e autor del pròleg |9 18049 | |
| 710 | |a Instituto de Estudios Fiscales (Madrid) |9 52635 | ||
| 710 | |a Espanya. |b Ministerio de Economia y Hacienda |9 19488 | ||
| 901 | |a Arxiu | ||
| 942 | |n 1 |2 udc | ||
| 952 | |0 0 |1 0 |4 0 |6 M5253 |7 1 |9 50233 |a Arxiu |b Arxiu |d 2016-12-01 |l 0 |o M-5-253 |p 18193 |r 2016-12-01 00:00:00 |w 2016-12-01 |y ARXIU | ||
| 999 | |c 54075 |d 54075 | ||